| 000 | 01098nam a22003257a 4500 | ||
|---|---|---|---|
| 001 | 1457 | ||
| 003 | DO-SdBNP | ||
| 005 | 20171110115739.0 | ||
| 007 | 1457 | ||
| 008 | 160921b 2007 ck |||| |||| 00| 0 spa d | ||
| 020 | _a9789588203430 | ||
| 040 |
_aBPMSU _bspa _cBPMSU |
||
| 082 |
_a641.34 _bD945c |
||
| 245 | 1 | 3 |
_a Frutas que curan / _ceditor Felipe Durán Ramírez ; colaboradores Esleider Moncada Durango ... [et al.] ; fotografía Felipe Durán Ramírez, Jaime Durán Naranjo, Luis Felipe Durán Naranjo. |
| 260 |
_aBogotá : _b Grupo Latino Editores, _c2007. |
||
| 300 |
_a240 p. : _b il. ; _c 28 cm. |
||
| 440 | _p | ||
| 504 | _aBibliografía: p. 234-240 | ||
| 650 | 4 | _aFRUTAS | |
| 650 | 4 | _aNUTRICIÓN | |
| 650 | 4 |
_aFRUTAS _vVALOR NUTRITIVO |
|
| 650 | _aFRUTOTERAPIA | ||
| 700 | 1 | 2 |
_aDurán Ramírez, Felipe _eed. |
| 700 | 1 | 2 | _aMoncada Durango, Esleider. |
| 700 | 1 |
_aDurán Naranjo, Jaime, _efot. |
|
| 700 | 1 | 2 |
_aDurán Naranjo, Luis Felipe, _efot. |
| 942 |
_2ddc _cBK |
||
| 945 | _aInvetariado extranjerov / 2017 VM | ||
| 956 |
_aVMATEO _b10 _c20160921 _dBPMSU _f0069 |
||
| 999 |
_c11478 _d11478 |
||